Statistics for Letter A Geography Chain - Pro

Click here to take the quiz!

General Stats

  • This quiz has been taken 385 times
  • The average score is 9 of 20

Answer Stats

Hint Answer % Correct
Country on the Balkan PeninsulaAlbania
96%
U.S. state whose capital is BirminghamAlabama
93%
Island that is politcally joined with BarbudaAntigua
89%
Peninsula on which Turkey is seatedAnatolia
62%
Capital of EritreaAsmara
59%
Former name of EthiopiaAbyssinia
58%
Former name of Ankara; the namesake
of a type of rabbit wool
Angora
50%
Highest mountain in the AndesAconcagua
48%
Central public space in Greek city-statesAgora
41%
Palace built by the emirate of GranadaAlhambra
41%
Ancient empire found in MesopotamiaAssyria
41%
French colony in Canada many of whose
residents resettled in Louisiana
Acadia
33%
Russian-occupied territory still
legally part of Georgia
Abkhazia
33%
Name of a suburb of Denver
or a suburb of Chicago
Aurora
30%
Virginia suburb of Washington D.CAlexandria
23%
First 8,000 meter peak to be climbedAnnapurna
21%
Māori name of New ZealandAotearoa
20%
Northwest region of Italiy{Aosta} Valley
20%
Region of ancient Greece
surrounding Athens
Attica
20%
City in northern Tanzania visited
by many safari-goers
Arusha
11%

Score Distribution

Percentile by Number Answered

Percent of People with Each Score

Your Score History

You have not taken this quiz